000 00685nam a2200229Ia 4500
003 OSt
005 20220918191643.0
006 a|||||r|||| 00| 0
007 ta
008 220917b |||||||| |||| 00| 0 eng d
024 _a64,517
037 _cTextual
040 _aARTS
_cARTS
_beng
041 _2eng
_aeng
082 _aO:2J64:90N91, H6
100 _aWatkins Ronald
_976884
245 0 _aMoonlight at the globe
_b An essay in Shakespeare production, based on performance of A Midsummer Night's Dream at Harrow School
260 _c1946
650 _aENGLISH LITERATURE
942 _hO:2J64:90N91, H6
_cTEXL
_2CC
999 _c190936
_d190936